[Event "Voronezh op-B 17th"]
[Site "Voronezh"]
[Date "2013.06.17"]
[Round "7"]
[White "Filippov, Vladimir Mikhailovi"]
[Black "Golovchanov, Artiom"]
[Result "1/2-1/2"]
[WhiteElo "1980"]
[BlackElo "2090"]
[PlyCount "90"]
[EventDate "2013.06.12"]
[EventType "swiss"]
[EventRounds "9"]
[EventCountry "RUS"]
[SourceTitle "EXT 2014"]
[Source "ChessBase"]
[SourceDate "2013.11.20"]
[SourceVersion "1"]
[SourceVersionDate "2013.11.20"]
[SourceQuality "1"]

1. Nf3 Nf6 2. g3 g6 3. b4 a5 4. b5 c5 5. c4 b6 6. Bg2 Bb7 7. 0-0 Bg7 8. Bb2 0-0 9. d3 d6 10. Nbd2 Nbd7 11. a4 e5 12. e4 Bc8 13. Bc1 Ra7 14. Ra2 h5 15. Re1 Nh7 16. Nh4 Re8 17. Nf1 Ndf8 18. Ne3 Ng5 19. Rf1 Nge6 20. Qe1 Bh6 21. Nc2 Bxc1 22. Qxc1 Nd7 23. Qh6 Nf6 24. h3 Nh7 25. Nf3 Nd4 26. Nfxd4 exd4 27. f4 Qf6 28. Ne1 Qg7 29. Qxg7+ Kxg7 30. Re2 Rae7 31. Nf3 Bb7 32. Rfe1 Nf6 33. Nd2 Nd7 34. Kf2 f5 35. Bf3 Nf6 36. e5 dxe5 37. Bxb7 Rxb7 38. Rxe5 Rxe5 39. Rxe5 h4 40. gxh4 Nh5 41. Kf3 Kf6 42. Nf1 Re7 43. Rxe7 Kxe7 44. Ng3 Ke6 45. Ne2 Kd6 1/2-1/2

[Event "Voronezh op-B 17th"]
[Site "Voronezh"]
[Date "2013.06.16"]
[Round "5"]
[White "Manukovsky, Vladimir"]
[Black "Golovchanov, Artiom"]
[Result "1-0"]
[WhiteElo "2233"]
[BlackElo "2090"]
[PlyCount "101"]
[EventDate "2013.06.12"]
[EventType "swiss"]
[EventRounds "9"]
[EventCountry "RUS"]
[SourceTitle "EXT 2014"]
[Source "ChessBase"]
[SourceDate "2013.11.20"]
[SourceVersion "1"]
[SourceVersionDate "2013.11.20"]
[SourceQuality "1"]

1. e4 c5 2. Nf3 d6 3. d4 cxd4 4. Nxd4 Nf6 5. f3 a6 6. c4 e6 7. Nc3 Be7 8. Be2 0-0 9. 0-0 Nbd7 10. Be3 Qc7 11. Rc1 b6 12. Qd2 Bb7 13. Rfd1 Rac8 14. Bf1 Rfe8 15. Qf2 Kh8 16. b3 Qb8 17. g4 Ne5 18. Bg2 Nfd7 19. h3 Nc5 20. Rc2 Bd8 21. Rcd2 Bc7 22. Nde2 Nc6 23. g5 Qa8 24. h4 Ne5 25. h5 Kg8 26. Bf4 Bc6 27. Nd4 Bb7 28. Bh3 Rcd8 29. Qg3 Ned3 30. Be3 Qb8 31. Qh4 d5 32. Rxd3 Nxd3 33. Rxd3 e5 34. Nxd5 Bxd5 35. cxd5 exd4 36. Bxd4 Be5 37. Be3 Bb2 38. Qf2 Qe5 39. Bg2 Ba3 40. f4 Qa1+ 41. Kh2 Bc5 42. Bxc5 bxc5 43. d6 Qb1 44. Qd2 a5 45. e5 a4 46. Bc6 Rf8 47. Bxa4 Rb8 48. Rc3 Qf5 49. Bc6 Qg4 50. Bf3 Qf5 51. Rxc5 1-0

[Event "Voronezh Region-ch"]
[Site "Voronezh"]
[Date "2010.12.11"]
[Round "5"]
[White "Peskov, Alexsey"]
[Black "Golovchanov, Artiom"]
[Result "1-0"]
[WhiteElo "2375"]
[BlackElo "2086"]
[PlyCount "63"]
[EventDate "2010.12.07"]
[EventType "swiss"]
[EventRounds "9"]
[EventCountry "RUS"]
[SourceTitle "EXT 2013"]
[Source "ChessBase"]
[SourceDate "2012.11.22"]
[SourceVersion "1"]
[SourceVersionDate "2012.11.22"]
[SourceQuality "1"]

1. d4 Nf6 2. Nf3 g6 3. c3 Bg7 4. h3 0-0 5. Bf4 d6 6. e3 Nfd7 7. Bc4 c6 8. Bh2 e5 9. 0-0 Qe7 10. a4 a5 11. Re1 Kh8 12. e4 Na6 13. Nbd2 Nc7 14. Bf1 Ne6 15. Nc4 Nf4 16. Qb3 g5 17. Qa3 c5 18. dxc5 dxc5 19. Rad1 h5 20. Nd6 Nb8 21. Bxf4 gxf4 22. Qxc5 Nc6 23. Qb6 Bf6 24. Nxc8 Raxc8 25. Rd5 Rcd8 26. Red1 Rxd5 27. Rxd5 Bg7 28. Qb3 f5 29. Bd3 Rd8 30. Rxd8+ Qxd8 31. Qd5 fxe4 32. Qxe4 1-0

[Event "Voronezh Region-ch"]
[Site "Voronezh"]
[Date "2010.12.10"]
[Round "4"]
[White "Golovchanov, Artiom"]
[Black "Provkin, Vladimir"]
[Result "1/2-1/2"]
[WhiteElo "2086"]
[BlackElo "2213"]
[PlyCount "55"]
[EventDate "2010.12.07"]
[EventType "swiss"]
[EventRounds "9"]
[EventCountry "RUS"]
[SourceTitle "EXT 2013"]
[Source "ChessBase"]
[SourceDate "2012.11.22"]
[SourceVersion "1"]
[SourceVersionDate "2012.11.22"]
[SourceQuality "1"]

1. e4 c5 2. c3 d6 3. d4 Nf6 4. f3 Nbd7 5. Be3 e6 6. Bd3 Be7 7. Ne2 0-0 8. 0-0 a6 9. a4 Qc7 10. b4 b6 11. Nd2 Bb7 12. g4 Nb8 13. b5 Rc8 14. g5 Nh5 15. Qb1 axb5 16. axb5 Rxa1 17. Qxa1 Nd7 18. Rc1 Qd8 19. h4 f6 20. f4 e5 21. fxe5 dxe5 22. Nf3 exd4 23. cxd4 cxd4 24. Qa2+ Kh8 25. Rxc8 Qxc8 26. Qf7 dxe3 27. Qxe7 Nc5 28. Bb1 1/2-1/2

[Event "Voronezh op-B 14th"]
[Site "Voronezh"]
[Date "2010.06.21"]
[Round "9"]
[White "Golovchanov, Artiom"]
[Black "Zhukov, Viktor Andreevich"]
[Result "1-0"]
[WhiteElo "2061"]
[BlackElo "2178"]
[PlyCount "39"]
[EventDate "2010.06.12"]
[EventType "swiss"]
[EventRounds "9"]
[EventCountry "RUS"]
[SourceTitle "CBM 137 Extra"]
[Source "ChessBase"]
[SourceDate "2010.09.01"]
[SourceVersion "1"]
[SourceVersionDate "2010.09.01"]
[SourceQuality "1"]

1. e4 c5 2. c3 Nf6 3. e5 Nd5 4. d4 cxd4 5. cxd4 d6 6. Nf3 Nc6 7. Bc4 Nb6 8. Bb5 dxe5 9. Nxe5 Bd7 10. Nxd7 Qxd7 11. 0-0 e6 12. Nc3 Be7 13. Qg4 0-0-0 14. Be3 a6 15. Bxc6 Qxc6 16. d5 Nxd5 17. Nxd5 Qxd5 18. Ba7 Bd6 19. Rac1+ Kd7 20. Rfd1 1-0

[Event "Voronezh op-B 14th"]
[Site "Voronezh"]
[Date "2010.06.16"]
[Round "5"]
[White "Golovchanov, Artiom"]
[Black "Manukovsky, Vladimir"]
[Result "0-1"]
[WhiteElo "2061"]
[BlackElo "2259"]
[PlyCount "60"]
[EventDate "2010.06.12"]
[EventType "swiss"]
[EventRounds "9"]
[EventCountry "RUS"]
[SourceTitle "CBM 137 Extra"]
[Source "ChessBase"]
[SourceDate "2010.09.01"]
[SourceVersion "1"]
[SourceVersionDate "2010.09.01"]
[SourceQuality "1"]

1. e4 c5 2. c3 Nf6 3. e5 Nd5 4. d4 cxd4 5. cxd4 g6 6. Nc3 Nxc3 7. bxc3 Bg7 8. f4 0-0 9. Bd3 d6 10. Nf3 dxe5 11. fxe5 Nc6 12. 0-0 Bg4 13. Kh1 Rc8 14. Qe2 f6 15. e6 Qd6 16. Re1 Rfd8 17. Rb1 b6 18. h3 Bxf3 19. Qxf3 Ne5 20. dxe5 Qxd3 21. Qxd3 Rxd3 22. Ba3 Re8 23. Rbc1 fxe5 24. Red1 Rxd1+ 25. Rxd1 e4 26. Re1 Bxc3 27. Rxe4 Bf6 28. Rc4 Rd8 29. Rc2 Rd1+ 30. Kh2 Re1 0-1

[Event "Voronezh op-B 14th"]
[Site "Voronezh"]
[Date "2010.06.15"]
[Round "4"]
[White "Ponomariov, Timur"]
[Black "Golovchanov, Artiom"]
[Result "1/2-1/2"]
[WhiteElo "2268"]
[BlackElo "2061"]
[PlyCount "46"]
[EventDate "2010.06.12"]
[EventType "swiss"]
[EventRounds "9"]
[EventCountry "RUS"]
[SourceTitle "CBM 137 Extra"]
[Source "ChessBase"]
[SourceDate "2010.09.01"]
[SourceVersion "1"]
[SourceVersionDate "2010.09.01"]
[SourceQuality "1"]

1. e4 c5 2. Nf3 d6 3. d4 cxd4 4. Nxd4 Nf6 5. Nc3 Nc6 6. Bg5 Bd7 7. Be2 Qa5 8. Bxf6 gxf6 9. 0-0 Nxd4 10. Qxd4 Rc8 11. f4 Qc5 12. Qxc5 Rxc5 13. f5 Bh6 14. Rad1 a6 15. a4 Re5 16. Rf3 Bc6 17. Bd3 0-0 18. Kf2 Rc8 19. Rg3+ Kh8 20. Rh3 Kg7 21. Rg3+ Kh8 22. Rh3 Kg7 23. Rg3+ Kh8 1/2-1/2

[Event "Voronezh-ch sf op"]
[Site "Voronezh"]
[Date "2010.02.12"]
[Round "3.9"]
[White "Avtsynov, Artyom"]
[Black "Golovchanov, Artiom"]
[Result "1/2-1/2"]
[WhiteElo "1890"]
[BlackElo "2090"]
[PlyCount "66"]
[EventDate "2010.02.10"]
[EventType "swiss"]
[EventRounds "9"]
[EventCountry "RUS"]
[SourceTitle "EXT 2022"]
[Source "ChessBase"]
[SourceDate "2021.10.06"]
[SourceVersion "1"]
[SourceVersionDate "2021.10.06"]
[SourceQuality "1"]

1. e4 c5 2. c3 Nf6 3. e5 Nd5 4. d4 cxd4 5. Nf3 Nc6 6. cxd4 d6 7. Bc4 Nb6 8. Bb5 Bd7 9. Nc3 dxe5 10. dxe5 g6 11. 0-0 Bg7 12. Re1 0-0 13. h3 a6 14. Bd3 Be6 15. Bf4 Nc4 16. Bxc4 Bxc4 17. b3 Be6 18. Rc1 Rc8 19. Ne4 Nb4 20. Rxc8 Bxc8 21. Bg5 Qc7 22. Qd2 Nc6 23. Qc3 Re8 24. Bh4 Qd8 25. Bg3 Qd5 26. Ned2 Rd8 27. Nc4 Qd3 28. Qb2 Qf5 29. Ne3 Qh5 30. Qe2 Be6 31. Kh2 Nb4 32. Rd1 Rc8 33. Kg1 Nc6 1/2-1/2

[Event "Voronezh Region-ch"]
[Site "Voronezh"]
[Date "2009.09.16"]
[Round "5.6"]
[White "Chernov, Vladimir S"]
[Black "Golovchanov, Artiom"]
[Result "1/2-1/2"]
[WhiteElo "2084"]
[BlackElo "2105"]
[PlyCount "44"]
[EventDate "2009.09.11"]
[EventType "swiss"]
[EventRounds "9"]
[EventCountry "RUS"]
[SourceTitle "EXT 2022"]
[Source "ChessBase"]
[SourceDate "2021.10.06"]
[SourceVersion "1"]
[SourceVersionDate "2021.10.06"]
[SourceQuality "1"]

1. d4 Nf6 2. c4 g6 3. Nc3 Bg7 4. Nf3 d6 5. Bg5 h6 6. Bh4 0-0 7. e3 Nbd7 8. Qc2 c5 9. d5 Re8 10. Bd3 Ng4 11. h3 Nge5 12. Nxe5 Nxe5 13. Be2 a6 14. f4 Nd7 15. 0-0 Qa5 16. Ne4 Nf6 17. Bxf6 exf6 18. Nxd6 Rxe3 19. Rf3 Rxf3 20. Bxf3 Qc7 21. Nxc8 Rxc8 22. Qd2 Qd6 1/2-1/2

[Event "Voronezh Region-ch"]
[Site "Voronezh"]
[Date "2009.09.13"]
[Round "3.3"]
[White "Kiselev, Maxim2"]
[Black "Golovchanov, Artiom"]
[Result "1/2-1/2"]
[WhiteElo "2185"]
[BlackElo "2105"]
[PlyCount "61"]
[EventDate "2009.09.11"]
[EventType "swiss"]
[EventRounds "9"]
[EventCountry "RUS"]
[SourceTitle "EXT 2022"]
[Source "ChessBase"]
[SourceDate "2021.10.06"]
[SourceVersion "1"]
[SourceVersionDate "2021.10.06"]
[SourceQuality "1"]

1. e4 c5 2. Ne2 d6 3. d4 cxd4 4. Nxd4 Nf6 5. Nc3 Nc6 6. g3 g6 7. Bg2 Nxd4 8. Qxd4 Bg7 9. 0-0 0-0 10. Qd1 Be6 11. Nd5 Nxd5 12. exd5 Bf5 13. c3 Qd7 14. Re1 Rfe8 15. Bg5 b5 16. Qd2 a5 17. Re2 Rac8 18. Rae1 Bf6 19. Be4 Bh3 20. f3 Be5 21. f4 Bf6 22. Bxf6 exf6 23. Qd4 Kg7 24. Bd3 Rxe2 25. Rxe2 Bf5 26. Kf2 h5 27. Bxf5 Qxf5 28. Qe4 Qh3 29. Qg2 Qf5 30. Qe4 Qh3 31. Qg2 1/2-1/2

[Event "Voronezh op-B 13th"]
[Site "Voronezh"]
[Date "2009.06.15"]
[Round "4"]
[White "Andreev, Volodymyr"]
[Black "Golovchanov, Artiom"]
[Result "1/2-1/2"]
[WhiteElo "1950"]
[BlackElo "2112"]
[PlyCount "42"]
[EventDate "2009.06.12"]
[EventType "swiss"]
[EventRounds "9"]
[EventCountry "RUS"]
[SourceTitle "CBM 130 Extra"]
[Source "ChessBase"]
[SourceDate "2009.07.02"]
[SourceVersion "2"]
[SourceVersionDate "2009.07.15"]
[SourceQuality "1"]

1. e4 c5 2. f4 d5 3. exd5 Nf6 4. Bb5+ Bd7 5. Bxd7+ Qxd7 6. c4 e6 7. Qe2 Bd6 8. d3 0-0 9. dxe6 fxe6 10. Nf3 Nc6 11. 0-0 Rae8 12. Nc3 e5 13. f5 Qxf5 14. Bg5 e4 15. dxe4 Nxe4 16. Rae1 Nf6 17. Qd2 Rxe1 18. Rxe1 Nd4 19. Nxd4 cxd4 20. Bxf6 Qxf6 21. Ne4 Qf4 1/2-1/2

[Event "Voronezh Region-ch"]
[Site "Voronezh"]
[Date "2008.12.08"]
[Round "6"]
[White "Vechkanov, Valery"]
[Black "Golovchanov, Artiom"]
[Result "0-1"]
[WhiteElo "2017"]
[BlackElo "2090"]
[PlyCount "120"]
[EventDate "2008.12.03"]
[EventType "swiss"]
[EventRounds "9"]
[EventCountry "RUS"]
[SourceTitle "EXT 2010"]
[Source "ChessBase"]
[SourceDate "2010.11.25"]
[SourceVersion "1"]
[SourceVersionDate "2010.11.25"]
[SourceQuality "1"]

1. d4 Nf6 2. c4 g6 3. Nc3 Bg7 4. e4 0-0 5. Be2 d6 6. Nf3 e5 7. d5 a5 8. 0-0 Na6 9. Bg5 h6 10. Bh4 Qe8 11. Nd2 Nh7 12. f3 h5 13. a3 Bd7 14. Rb1 Bh6 15. Bf2 Nc5 16. b4 axb4 17. axb4 Na4 18. Qc2 Nxc3 19. Qxc3 Ra2 20. Rb2 Qa8 21. Nb1 f5 22. Bd3 fxe4 23. Bxe4 Bf5 24. Bxf5 gxf5 25. Qb3 Ra1 26. Nc3 Rxf1+ 27. Kxf1 Nf6 28. Ra2 Qc8 29. Nb5 Bg5 30. c5 Ne8 31. Qc2 Qd8 32. Qc4 Kh8 33. h4 Bh6 34. g3 f4 35. Qe4 Qd7 36. Nc3 Qh3+ 37. Ke2 fxg3 38. Qg6 gxf2 39. Qxh6+ Kg8 40. Qe6+ Qxe6 41. dxe6 f1Q+ 42. Kxf1 Rxf3+ 43. Rf2 Rxc3 44. e7 dxc5 45. bxc5 Rxc5 46. Rf8+ Kg7 47. Rxe8 Kf7 48. Rb8 Kxe7 49. Rxb7 Rc4 50. Kf2 Kd6 51. Kg3 Rg4+ 52. Kh3 e4 53. Rb4 e3 54. Rb3 Re4 55. Rb1 e2 56. Re1 Ke5 57. Kg3 c5 58. Kf3 Kd4 59. Rxe2 Rxe2 60. Kxe2 Ke4 0-1

[Event "Voronezh Region-ch"]
[Site "Voronezh"]
[Date "2008.12.03"]
[Round "1"]
[White "Golovchanov, Artiom"]
[Black "Ponomariov, Timur"]
[Result "0-1"]
[WhiteElo "2090"]
[BlackElo "2307"]
[PlyCount "88"]
[EventDate "2008.12.03"]
[EventType "swiss"]
[EventRounds "9"]
[EventCountry "RUS"]
[SourceTitle "EXT 2010"]
[Source "ChessBase"]
[SourceDate "2010.11.25"]
[SourceVersion "1"]
[SourceVersionDate "2010.11.25"]
[SourceQuality "1"]

1. e4 e5 2. Nc3 Nf6 3. Bc4 Nc6 4. d3 Bb4 5. Nf3 d6 6. 0-0 Na5 7. Nd5 Nxd5 8. Bxd5 c6 9. Bxf7+ Kxf7 10. c3 Bc5 11. b4 Bb6 12. bxa5 Bxa5 13. Qb3+ Kg6 14. d4 Qf6 15. Bg5 Qe6 16. d5 cxd5 17. exd5 Qf7 18. Be3 Bd8 19. Qb4 Be7 20. h4 h6 21. c4 b6 22. a4 Bg4 23. Nh2 Be2 24. Rfe1 Bd3 25. Red1 e4 26. a5 bxa5 27. Rxa5 Rhb8 28. Qc3 Bf6 29. Qa3 Qc7 30. Rxa7 Rxa7 31. Qxa7 Qxa7 32. Bxa7 Rb7 33. Be3 Bxc4 34. f3 exf3 35. Nxf3 Kf5 36. Bd4 Bd8 37. Bf2 Bf6 38. Bd4 Rb5 39. Bxf6 Kxf6 40. Kf2 Rxd5 41. Rxd5 Bxd5 42. Ne1 Be4 43. Ke3 Ke5 44. g3 d5 0-1

[Event "Voronezh CC-ch"]
[Site "Voronezh"]
[Date "2008.10.12"]
[Round "3"]
[White "Demikhov, Vladislav"]
[Black "Golovchanov, Artiom"]
[Result "1-0"]
[WhiteElo "2138"]
[BlackElo "2090"]
[PlyCount "89"]
[EventDate "2008.10.10"]
[EventType "swiss"]
[EventRounds "9"]
[EventCountry "RUS"]
[SourceTitle "EXT 2010"]
[Source "ChessBase"]
[SourceDate "2010.11.25"]
[SourceVersion "1"]
[SourceVersionDate "2010.11.25"]
[SourceQuality "1"]

1. e4 c5 2. c3 Nf6 3. e5 Nd5 4. d4 cxd4 5. Nf3 Nc6 6. cxd4 d6 7. Bc4 Nb6 8. Bb5 dxe5 9. Nxe5 Bd7 10. Nxd7 Qxd7 11. Nc3 e6 12. 0-0 g6 13. d5 Nxd5 14. Nxd5 Qxd5 15. Qa4 Rd8 16. Be3 a6 17. Bxc6+ Qxc6 18. Qxc6+ bxc6 19. Rac1 Rc8 20. Rfd1 f6 21. Rd4 c5 22. Rdc4 h5 23. Kf1 Rh7 24. h4 Rb7 25. b4 Kd7 26. bxc5 Kc6 27. R1c2 Be7 28. g3 Rd8 29. Ra4 Ra8 30. Ke2 Rb5 31. Re4 e5 32. f4 Kd5 33. Kf3 Rc8 34. fxe5 fxe5 35. Rd2+ Ke6 36. Bd4 Bf6 37. Rde2 Rb4 38. Bf2 Rxe4 39. Kxe4 Be7 40. Rb2 Bxc5 41. Rc2 Kd6 42. Bxc5+ Rxc5 43. Rxc5 Kxc5 44. Kxe5 Kb4 45. Kf6 1-0